000 00557nam a2200169 i 4500
001 33095
003 ES-MaACL
005 20230906154708.0
007 t|
008 030201s1861 fr ||||1| fre d
100 0 _aBescherelle, Louis-Nicolas.
_928570
245 1 0 _aMonument eleve a la gloire de la dangne et des lettres françaises
_b: dictionnaire national on dictionnaire universel de la lengua française /
_cpar Bescherelle.
250 _a9eme ed.
260 _aParís :
_bGarniez,
_c1861.
300 _a4 v. ;
_c32 cm.
852 _aES-MaACL
_jG-5784-7
999 _c33095
_d33095